| 000 | 01536nas a2200397 c 4500 | ||
|---|---|---|---|
| 001 | 25728 | ||
| 003 | ES-MaCES | ||
| 005 | 20250328122442.0 | ||
| 007 | cr ||||||||||| | ||
| 008 | 931202c1900 xxkb| | |eng d | ||
| 022 | 1 | _a0378-5920 | |
| 035 |
_aCES19980007209p _z10214 |
||
| 040 |
_aES-MaCES _bspa _cES-MaCES |
||
| 245 | 0 | 4 | _aThe world economy |
| 260 |
_aOxford (Cowley Road, 108, OX4 1JF) _aCambridge (Main Street, 238, MA 02142) _bBlackwell |
||
| 300 |
_av. _c25 cm |
||
| 310 | _aMensual, desde 2005 | ||
| 321 | _a8 nos. al año, desde June 1998 | ||
| 321 |
_a7 nos. al año _bMar. 1997-May 1998 |
||
| 321 |
_a6 nos. al año _b-Jan. 1997 |
||
| 500 | _aDescripción basada en: v. 16, no. 1 (Jan. 1993) | ||
| 500 | _aSubtít. de las páginas editoriales: The leading journal on international economic relations | ||
| 500 | _aTít. tomado de la cub | ||
| 541 | _cCompra | ||
| 650 | 4 |
_aayuda al desarrollo _926634 |
|
| 650 | 4 |
_aeconomía _926781 |
|
| 653 | 1 | 0 | _aEconomía |
| 853 | 2 | 1 |
_avol. _bno. _iaño _jmes _vr _wm |
| 856 | 4 | 1 |
_uhttp://onlinelibrary.wiley.com/journal/10.1111/(ISSN)1467-9701/issues _ytexto completo desde vol. 1, n. 1 (1977) _zAcceso para usuarios registrados |
| 856 | 4 |
_uhttp://www.ces.es/claves-usuario _yClaves de acceso |
|
| 866 | 0 |
_a1993-2017(2018,2019)2022(2023)2024- _zUbicación: DEPÓSITO - 10214 _zUbicación: SALA - REV.-0.0.-9 |
|
| 905 |
_1Boletín A _fP _kSÍ _nWorEco _pA |
||
| 942 |
_2CES _cCR _h0.0. |
||
| 999 |
_c25728 _d25728 |
||